| 000 | 005780000a22001810004500 | ||
|---|---|---|---|
| 003 | MACL | ||
| 005 | 20160211145210.0 | ||
| 008 | 160211b xxu||||| |||| 00| 0 eng d | ||
| 040 |
_aMACL _cMACL |
||
| 041 | _aHindi | ||
| 082 | _a020 | ||
| 100 |
_aशास्त्री दारकाप्रसाद _936890 |
||
| 245 | _aपुस्तक चयन और संदर्भ सेवा | ||
| 260 |
_bसाहित्य भवन _c1976 _aइलाहाबाद |
||
| 350 | _a10 | ||
| 650 |
_aLibrary & inf Science _936940 |
||
| 942 |
_cHIN _k020 _2ddc |
||
| 999 |
_c27056 _d27056 |
||